| 000 | 00448nam a2200133Ia 4500 | ||
|---|---|---|---|
| 008 | 170221s9999 xx 000 0 und d | ||
| 100 | _aLiana R. Barashyan | ||
| 245 | 4 | _aThe Relation of Financial, Tax and Administrative Responsibility | |
| 245 | _cLiana R. Barashyan | ||
| 260 | _bInternational Review of Management and Marketing | ||
| 260 | _c2013 | ||
| 650 | _xMarketing. | ||
| 856 | _uhttp://www.econjournals.com/index.php/irmm/issue/view/86 | ||
| 999 |
_c310487 _d310487 |
||